Portmanteau Musical Acts - Statistics

General Stats
  • This quiz has been taken 25 times
  • The average score is 7 of 15
Answer Stats
artist #1 Portmaneatu artist #2 % Correct
"I'm Still Sanding" "Rocket Man" "Tiny Dancer" Elton John Lennon "Imagine" "Happy Xmas (War is Over)" "Woman"
100%
"Straight Outta Compton" "Fuck Tha Police" "Express Yourself" N.W.AC/DC "Highway to Hell" "Back in Black" "Thunderstruck"
79%
"Sugar" "Payphone" "Moves Like Jagger" Maroon 5 Seconds of Summer "Youngblood" "She Looks So Perfect" "Teeth"
68%
"I Want it That Way" "Everybody" "As Long as You Love Me" Backstreet Boyz II Men "End of the Road" "I'll Make Love to You" "One Sweet Day"
63%
"Riptide" "Mess is Mine" "Georgia" Vance Joy Division "Love Will Tear Us Apart" "Disorder" "She's Lost Control"
58%
"Dreams" "The Chain" "Go Your Own Way" Fleetwood Mac Miller "The Spins" "Self Care" "The Weekend"
53%
"MONTERO" "Old Town Road" "Panini" Lil Nas XXXTentacion "SAD!" "Jocelyn Flores "Moonlight"
47%
"Do I Wanna Know?" "R U Mine?" "I Wanna Be Yours" Arctic Monkees "I'm a Believer" "Daydream Believer" "Me & Magdalena"
42%
"Friday" "Worth It For the Feeling" "Girlfriend" Rebecca Black Sabbath "Paranoid" "Iron Man" "Heaven and Hell"
42%
"Push" "3AM" "Unwell" Matchbox Twenty One Pilots "Stressed Out" "Heathens" "Ride"
37%
"All I Have" "Mama Said Knock You Out" "Doin' It" LL Cool Jay-Z "Umbrella" "Ni**as In Paris" "Empire State of Mind"
26%
"Friend of the Devil" "Casey Jones" "Ripple" The Grateful Dead Kennedys "Kill the Poor" "Too Drunk to Fuck" "Holiday in Cambodia"
26%
"Daft Punk Is Playing at My House" "Dance Yrself Clean" "All My Friends" LCD Soundsystem of a Down "Chop Suey!" "Toxicity" "Lonely Day"
16%
"Sugar (Gimme Some)" "Magic Stick" "Let It Go" Lil Kim Petras "Unholy" "When We Were Young" "VILLIAN"
16%
"Symphony of Destruction" "Holy Wars...The Punishment Due" "A Tout Le Monde" Megadeath Cab for Cutie "I Will Follow You into the Dark" "Soul Meets Body" "Transatlanticism"
16%
No matching quizzes found
Score Distribution
Percent of People with Each Score
Percentile by Number Answered
Your Score History
You have not taken this quiz